Biblioteca y Centro de Documentación

Las Administraciones públicas del siglo XXI, España en perspectiva comparada (Registro nro. 30969)

Detalles MARC
000 -CABECERA
Longitud fija campo de control 01337naa a2200361 c 4500
001 - NÚMERO DE CONTROL
Número de control 30969
003 - IDENTIFICADOR DE NÚMERO DE CONTROL
Identificador del número de control ES-MaCES
005 - FECHA Y HORA DE LA ÚLTIMA TRANSACCIÓN
Fecha y hora de la última transacción 19990202175900.0
008 - CAMPO FIJO DE DESCRIPCIÓN FIJA--INFORMACIÓN GENERAL
Códigos de información de longitud fija   980316n1997 sp ||| | spa d
035 ## - NÚMERO DE CONTROL DEL SISTEMA
Número de control del sistema CES19980049193v
040 ## - FUENTE DE CATALOGACIÓN
Centro catalogador de origen ES-MaCES
Lengua de catalogación spa
Centro transcriptor ES-MaCES
111 2# - ENCABEZAMIENTO PRINCIPAL--NOMBRE DE REUNIÓN
Nombre de congreso o jurisdicción como elemento de entrada Seminario "Las Administraciones Públicas del siglo XXI. España en perspectiva comparada'
Fecha del congreso 1997
Sede del congreso Madrid
9 (RLIN) 400
245 14 - MENCIÓN DE TÍTULO
Título Las Administraciones públicas del siglo XXI, España en perspectiva comparada
300 ## - DESCRIPCIÓN FÍSICA
Extensión 234 p.
Dimensiones 28 cm
500 ## - NOTA GENERAL
Nota general Recoge las ponencias del Seminario celebrado los días 25 y 26 de junio de
504 ## - NOTA DE BIBLIOGRAFÍA, ETC.
Nota de bibliografía, etc. Bibliografía
650 #4 - ASIENTO SECUNDARIO DE MATERIA--TÉRMINO DE MATERIA
Término de materia o nombre geográfico como elemento inicial cuadros estadísticos
9 (RLIN) 28890
650 #4 - ASIENTO SECUNDARIO DE MATERIA--TÉRMINO DE MATERIA
Término de materia o nombre geográfico como elemento inicial conferencia
9 (RLIN) 27013
650 #4 - ASIENTO SECUNDARIO DE MATERIA--TÉRMINO DE MATERIA
Término de materia o nombre geográfico como elemento inicial comparación
9 (RLIN) 28892
650 #4 - ASIENTO SECUNDARIO DE MATERIA--TÉRMINO DE MATERIA
Término de materia o nombre geográfico como elemento inicial estudios prospectivos
9 (RLIN) 30347
650 #4 - ASIENTO SECUNDARIO DE MATERIA--TÉRMINO DE MATERIA
Término de materia o nombre geográfico como elemento inicial S. XX-XXI
9 (RLIN) 31459
650 #4 - ASIENTO SECUNDARIO DE MATERIA--TÉRMINO DE MATERIA
Término de materia o nombre geográfico como elemento inicial Comunidades Autónomas
9 (RLIN) 30768
650 #4 - ASIENTO SECUNDARIO DE MATERIA--TÉRMINO DE MATERIA
Término de materia o nombre geográfico como elemento inicial España
9 (RLIN) 26964
650 #4 - ASIENTO SECUNDARIO DE MATERIA--TÉRMINO DE MATERIA
Término de materia o nombre geográfico como elemento inicial federalismo
9 (RLIN) 31027
650 #4 - ASIENTO SECUNDARIO DE MATERIA--TÉRMINO DE MATERIA
Término de materia o nombre geográfico como elemento inicial Estado
9 (RLIN) 27203
650 #4 - ASIENTO SECUNDARIO DE MATERIA--TÉRMINO DE MATERIA
Término de materia o nombre geográfico como elemento inicial reforma administrativa
9 (RLIN) 27223
650 #4 - ASIENTO SECUNDARIO DE MATERIA--TÉRMINO DE MATERIA
Término de materia o nombre geográfico como elemento inicial administración pública
9 (RLIN) 27214
653 10 - TÉRMINO DE INDEXACIÓN--NO CONTROLADO
Término no controlado Administración-Instituciones públicas
773 0# - ENTRADA DE DOCUMENTO FUENTE
Título Gestión y análisis de políticas públicas
Parte(s) relacionada(s) 7-8 (sept. 1996-abr. 1997)
Número de control del registro relacionado (ES-MaCES)25451
902 ## - CES. TIPO DE DOCUMENTO
Tipodoc (006$c Sirtex) MON Monográfico de revista
942 ## - ELEMENTOS KOHA
Fuente de clasificaión o esquema Clasificación propia del CES
Koha [por defecto] tipo de item Artículos (1982-2017)
Parte de clasificación 6.3.

No hay ítems disponibles.

© CES, Consejo Económico y Social de España 2021